The impact of electronic format on purchase and use of Ellen G. White print resources among Seventh-day Adventist Churches in Nairobi County, Kenya / (Record no. 23222)

MARC details
000 -LEADER
fixed length control field 00768nam a22001937a 4500
003 - CONTROL NUMBER IDENTIFIER
control field AUA.1
005 - DATE AND TIME OF LATEST TRANSACTION
control field 20210326090846.0
008 - FIXED-LENGTH DATA ELEMENTS--GENERAL INFORMATION
fixed length control field 210326b ||||| |||| 00| 0 eng d
040 ## - CATALOGING SOURCE
Transcribing agency JTL
100 ## - MAIN ENTRY--PERSONAL NAME
Personal name Chebichiy, RoseMercy
245 ## - TITLE STATEMENT
Title The impact of electronic format on purchase and use of Ellen G. White print resources among Seventh-day Adventist Churches in Nairobi County, Kenya /
Statement of responsibility, etc RoseMercy Chebichiy.
260 ## - PUBLICATION, DISTRIBUTION, ETC. (IMPRINT)
Date of publication, distribution, etc 2020.
300 ## - PHYSICAL DESCRIPTION
Extent ix, 62 leaves :
Other physical details ill. ;
Dimensions 28 cm.
650 ## - SUBJECT ADDED ENTRY--TOPICAL TERM
Topical term or geographic name as entry element Ellen G. White literature
General subdivision Print format
650 ## - SUBJECT ADDED ENTRY--TOPICAL TERM
Topical term or geographic name as entry element Ellen G. White literature
General subdivision Electronic format
650 ## - SUBJECT ADDED ENTRY--TOPICAL TERM
Topical term or geographic name as entry element Ellen G. White literature
General subdivision Purchase of
650 ## - SUBJECT ADDED ENTRY--TOPICAL TERM
Topical term or geographic name as entry element Seventh-day Adventist Church
General subdivision Nairobi County
-- Kenya
942 ## - ADDED ENTRY ELEMENTS (KOHA)
Source of classification or shelving scheme AUA Inhouse Classification
Koha item type Thesis
Classification part MBA
Item part .C44 2020
Holdings
Withdrawn status Lost status Source of classification or shelving scheme Damaged status Not for loan Collection code Home library Current library Shelving location Date acquired Source of acquisition Cost, normal purchase price Serial Enumeration / chronology Total Checkouts Full call number Barcode Date last seen Date checked out Cost, replacement price Price effective from Koha item type
    Library of Congress Classification     JTL Research Collection Judith Thomas Library Judith Thomas Library Judith Thomas Library Research Section 26/03/2021 AUA RESEARCH DEPARTMENT 25.00 AUA25701 1 MBA .C44 2020 AUA25701 06/10/2022 19/09/2022 25.00 26/03/2021 Thesis